000 00331nam a2200133Ia 4500
008 240624s9999 xx 000 0 und d
041 _aeng
082 _a330 NOR
100 _aNORBERG JOHAN
245 _aPROGRESS TEN REASONS TO LOOK FORWARD TO
260 _c2016
_aLondon
_bOneworld
300 _a246 p.; 23 cm.
365 _c
_b33
999 _c32378
_d32378